000 00276nam a22001217a 4500
082 _a823
_bIMM/T
100 _aIMMATTY, GEORGE
245 _aSTORIES OF TENALI RAMAN
260 _aTHRISSUR
520 _aENGLISH SHORT STORY
650 _aENGLISH SHORT STORY
_zKERALA
942 _cBK
999 _c5812
_d5812